000 00604nam a2200229Ia 4500
003 OSt
005 20221007071601.0
006 a|||||r|||| 00| 0
007 ta
008 221006b |||||||| |||| 00| 0 eng d
024 _a8,071
037 _cTextual
040 _aFLL
_cFLL
_beng
041 _2eng
_aeng
082 _aZOaY, M0
100 _aEvan M. William Au.
_9689038
245 0 _aSociology of law
260 _aLondon
_bCollier macmillian publishers London
_c1980
300 _a653p
_ccm.
942 _hZOaY, M0
_cTEXL
_2CC
999 _c1143734
_d1143734